Kolory oczu - Statystyki

Ogólne statystyki
  • Ten quiz został rozwiązany 49 razy
  • Średni wynik to 13 z 16
Statystyki odpowiedzi
Odpowiedź % Poprawnych
Ciemno niebieskie
100%
Jasno niebieskie
100%
Niebieskie
100%
Brązowe/Piwne
97%
Jasno zielone
97%
Niebiesko-zielone
97%
Zielone
97%
Ciemno brązowe
92%
Czarno-brązowe
87%
Zielonawo-piwne
87%
Ciemno szare
84%
Jasno szare
84%
Szare
84%
Czerwone
50%
Fioletowe
47%
Bursztynowe
11%
Nie znaleziono quizów pasujących do podanych kryteriów
Rozkład punktacji
Procent ludzi z każdym wynikiem
Percentyl według liczby udzielonych odpowiedzi
Twoja historia wyników
Nie rozwiązałeś tego quizu